Re Park Air Services plc; Christopher Moran Holdings Ltd v Bairstow and Ruddock (Record no. 11469)
[ view plain ]
| 000 -LEADER | |
|---|---|
| fixed length control field | 01595cab a2200289 4500 |
| 001 - CONTROL NUMBER | |
| control field | ABS55555 |
| 008 - FIXED-LENGTH DATA ELEMENTS--GENERAL INFORMATION | |
| fixed length control field | 090401t1996 xxu||||| |||| 00| 0 eng d |
| 035 ## - SYSTEM CONTROL NUMBER | |
| System control number | (Sirsi) u17292 |
| 041 ## - LANGUAGE CODE | |
| Language code of text/sound track or separate title | eng |
| 245 ## - TITLE STATEMENT | |
| Title | Re Park Air Services plc; Christopher Moran Holdings Ltd v Bairstow and Ruddock |
| 260 ## - PUBLICATION, DISTRIBUTION, ETC. | |
| Date of publication, distribution, etc. | 1996 |
| 350 ## - PRICE (NR) (BK AM CF MU VM SE) [OBSOLETE] | |
| Price | 0 |
| 490 ## - SERIES STATEMENT | |
| Series statement | Property and Compensation Reports |
| Volume/sequential designation | [1996] 72 P&CR 2, 174-195(22) |
| 520 ## - SUMMARY, ETC. | |
| Summary, etc. | ChD 21 December 1995. Landlord B granted lease of business premises to company P for 25 years from September 1989, with arrangement for upward only rent reviews every five years. By 1994 payable rent was four to five times greater than current rental value. In December 1994 P entered into members` voluntary winding up. Liquidators C gave notice of disclaimer of the lease. In January 1995 P submitted proof of debt for loss or damage under Insolvency Act 1986 s178(6) in excess of £5.3m, later £2.8m. C put the figure at £200,000, rejecting P`s proof of debt. "Held" basis for loss or damage to be calculated as the subtraction of the `residual amount` from the `no disclaimer amount` plus an amount added for dilapidations. |
| 650 ## - SUBJECT ADDED ENTRY--TOPICAL TERM | |
| Topical term or geographic name entry element | DISCLAIMERS |
| 650 ## - SUBJECT ADDED ENTRY--TOPICAL TERM | |
| Topical term or geographic name entry element | INSOLVENCY ACT 1986 S178 6 |
| 650 ## - SUBJECT ADDED ENTRY--TOPICAL TERM | |
| Topical term or geographic name entry element | Insolvency |
| 9 (RLIN) | 6247 |
| 650 ## - SUBJECT ADDED ENTRY--TOPICAL TERM | |
| Topical term or geographic name entry element | LEASES |
| 650 ## - SUBJECT ADDED ENTRY--TOPICAL TERM | |
| Topical term or geographic name entry element | LIQUIDATOR |
| 650 ## - SUBJECT ADDED ENTRY--TOPICAL TERM | |
| Topical term or geographic name entry element | MARKET RENT |
| 650 ## - SUBJECT ADDED ENTRY--TOPICAL TERM | |
| Topical term or geographic name entry element | OVER-RENTED PROPERTY |
| 650 ## - SUBJECT ADDED ENTRY--TOPICAL TERM | |
| Topical term or geographic name entry element | RE PARK AIR SERVICES PLC; CHRISTOPHER MORAN HOLDINGS LTD V BAIRSTOW AN |
| 650 ## - SUBJECT ADDED ENTRY--TOPICAL TERM | |
| Topical term or geographic name entry element | VOLUNTARY LIQUIDATION |
| 690 ## - LOCAL SUBJECT ADDED ENTRY--TOPICAL TERM (OCLC, RLIN) | |
| Topical term or geographic name as entry element | LANDLORD AND TENANT-CASE LAW-BUSINESS TENANCIES |
| 942 ## - ADDED ENTRY ELEMENTS (KOHA) | |
| Suppress in OPAC | 0 |
| 948 ## - LOCAL PROCESSING INFORMATION (OCLC); SERIES PART DESIGNATOR (RLIN) | |
| c (OCLC) | 04/03/1997 |
| Withdrawn status | Lost status | Source of classification or shelving scheme | Damaged status | Not for loan | Home library | Current library | Shelving location | Date acquired | Total Checkouts | Full call number | Barcode | Date last seen | Copy number | Price effective from | Koha item type |
|---|---|---|---|---|---|---|---|---|---|---|---|---|---|---|---|
| Dewey Decimal Classification | London | London | Journal article | 14/09/1999 | ABS55555 | 17292-1001 | 06/08/2019 | 1 | 06/08/2019 | Law report |